|
|
|
|
| LEADER |
00891nam a22001811a 4500 |
| 082 |
|
|
|a 297.095 483
|b ABD/I
|
| 100 |
|
|
|a Abdul Samad M
|9 113005
|
| 245 |
|
|
|a Islam in Kerala :groups and movements in the 20th century/
|c by Abdul Samad M.
|
| 260 |
|
|
|a Kollam:
|b Laurel ,
|c 1998.
|
| 300 |
|
|
|a 208p.
|
| 650 |
|
|
|a Islam Kerala
|9 113006
|
| 650 |
|
|
|a Islam
|9 113007
|
| 650 |
|
|
|a Religion
|9 113008
|
| 942 |
|
|
|c BK
|
| 999 |
|
|
|c 21051
|d 21051
|
| 952 |
|
|
|0 0
|1 0
|4 0
|6 297_095000000000000_483_ABD_I
|7 0
|9 29563
|a SSUS
|b SSUS
|d 2015-01-08
|g 200.00
|o 297.095 483 ABD/I
|p 012735
|r 2015-01-08
|v 0.00
|w 2015-01-08
|y BK
|
| 952 |
|
|
|0 0
|1 0
|4 0
|6 297_095000000000000_483_ABD_I
|7 0
|9 29564
|a SSUS
|b SSUS
|d 2015-01-08
|g 200.00
|o 297.095 483 ABD/I
|p 012736
|r 2015-01-08
|v 0.00
|w 2015-01-08
|y BK
|
| 952 |
|
|
|0 0
|1 0
|4 0
|6 297_095000000000000_483_ABD_I
|7 0
|9 29565
|a SSUS
|b SSUS
|d 2015-01-08
|g 200.00
|o 297.095 483 ABD/I
|p 012737
|r 2015-01-08
|v 0.00
|w 2015-01-08
|y BK
|